000 00584nam a2200193Ia 4500
005 20250508162024.0
008 008 250505s9999 xx 000 0 eng d
037 _aTextual
040 _aFEDL
_beng
_cFEDL
041 _aeng
_2eng
084 _a371.39, SLE
_qFEDL
100 _aSleeman Phillip J Ed.
_9772074
245 0 _aInstructional media and technology : A professional's resource
260 _aStrasbourg
_bDowden, Hutchinson
_c1976
300 _a401p.
490 _aCommunity development series
942 _cTEXL
_h371.39, SLE
999 _c1373887
_d1373887